000
00336 a2200157 4500
001
152192
040
_c
Escola São Tomás de Aquino
100
_a
JOSÉ, Elias
240
1
0
_a
Baú dos sonhos
_l
por
245
1
0
_a
Baú dos sonhos
300
_a
30
362
0
_a
1997
440
1
_a
Lê
697
_a
*LITERATURA JUVENIL
942
_c
BK
999
_c
152192
_d
152192